000 00408pam a2200145a 44500
008 230405s2019 xxu||||| |||| 00| 0 eng d
041 _aENG
100 _aSRIVASTVA R P
245 _aFRUIT AND VEGETABLE PRESERVATION PRINCIPLE AND PRACTICE
250 _a1 ST Ed.
260 _aNEW DELHI
_bCBS PUB
_c2019
440 _aBHARATI KRUSHI BHANDAR ,B/4741 ,17/05/2019
700 _aKUMAR SANJEEV
906 _a2245
999 _c291123
_d291123